000 00371nam a22001577a 4500
005 20170919154852.0
008 170919b xxu||||| |||| 00| 0 eng d
020 _a978-93-83110-20-3
041 _aeng
082 _a030.302 23
100 _aBhasin,Anish
_93947
245 _aMedia Vishwakosh
260 _aNew Delhi
_bGranth Academy
_c2013
300 _a303
942 _cBK
999 _c5591
_d5589